000
00285nam a2200109 a 4500
005
20200930073721.0
008
111004s2008 000 spa d
020
_a
9789993557012
245
0
_a
Cours de sciences sociales illustré.
260
_a
Port-au-prince,
_c
2008.
999
_c
33960
_d
33960
040
_a
DO-SdBNP